| 000 | 00582nam a22001937a 4500 | ||
|---|---|---|---|
| 999 |
_c2065 _d2065 |
||
| 001 | 2521 | ||
| 003 | BD-DhUAP | ||
| 005 | 20200219124354.0 | ||
| 008 | 200219s1998 fr 101 0 eng | ||
| 040 |
_aDLC _cDLC _dBD-DhUAP _bEng |
||
| 082 | 0 | 0 |
_223 _a378 HIG |
| 245 | 1 | 0 |
_aHigher education in the twenty-first century : _bvision and action : UNESCO, Paris, 5-9 October 1998. |
| 260 |
_aParis : _bUNESCO, _c1998. |
||
| 300 |
_a75 pages ; _c30 cm. |
||
| 650 | 0 |
_aEducation, Higher _vCongresses. |
|
| 710 | 2 | _aUnesco. | |
| 711 | _aWorld Conference on Higher Education. | ||
| 942 |
_2ddc _cBK |
||